000 00607cam a22002173a 4500
001 28238
003 PGUSA
005 20140828083617.0
008 090302s2009||||xxu|||||s|||||000 | eng d
040 _aPGUSA
_beng
042 _adc
050 4 _aPH
100 1 _aGummerus, K. J.
_q(Kaarle Jaakko),
_d1840-1898
245 1 0 _aVeljekset :
_bUutelo
_h[electronic resource] /
_cK. J. Gummerus
260 _bProject Gutenberg,
_c2009
506 _aPublic domain in the USA.
516 _aElectronic text
830 0 _aProject Gutenberg
_v28238
856 4 0 _uhttp://www.gutenberg.org/ebooks/28238
942 _cEB
999 _c257493
_d257493